| 000 | 00518nmm a2200157Ia 4500 | ||
|---|---|---|---|
| 008 | 251105s9999||||xx |||||||||||||||||und|| | ||
| 020 | _a9781558858855 | ||
| 041 |
_aspa _aeng |
||
| 100 | _aJesús, Ada de | ||
| 245 | 0 | _aEl baile de octavo y otros recuerdos = The Eighth Grade Dance and Other Memories | |
| 264 |
_a[Washington, Estados Unidos] : _bArte Público Press, _c2019 |
||
| 300 | _a64 páginas | ||
| 650 | _aNorth American narrative | ||
| 856 | _uhttps://public.digitaliapublishing.com/a/68558 | ||
| 942 | _cCF | ||
| 999 |
_c74948 _d74948 |
||